Hauptstädte Südamerikas Quiz - Statistiken

Allgemein
  • Dieses Quiz wurde 2.687 mal gespielt
  • Das Durchschnittsergebnis liegt bei 8 aus 12
Antwortstatistiken
Hint Antwort % Korrekt
Brasilien Brasilia
99%
Argentinien Buenos Aires
90%
Peru Lima
85%
Chile Santiago
82%
Uruguay Montevideo
74%
Kolumbien Bogota
72%
Bolivien La Paz oder Sucre
67%
Venezuela Caracas
63%
Ecuador Quito
61%
Guyana Georgetown
47%
Paraguay Asunción
46%
Suriname Paramaribo
35%
Keine übereinstimmenden Quizze gefunden
Verteilung der Resultate
Anzahl Personen mit jedem Resultat
Perzentil nach korrekt beantworteten Fragen
Ihre Resultats-Entwicklung
Sie haben dieses Quiz noch nicht gespielt